| 000 | 02112nam a2200349 a 4500 | ||
|---|---|---|---|
| 001 | |||
| 003 | DO-SdBNP | ||
| 005 | 20211110083441.0 | ||
| 008 | 081029s2007 dr 000 0 spa d | ||
| 020 | _a9945160508 | ||
| 020 | _a9789945160505 | ||
| 040 |
_aDO-SdBNP _bspa _cBPMSU |
||
| 082 |
_a972.93054 _bC343o, 2007 _222 |
||
| 100 | 1 | _aCassá, Roberto, 1948- | |
| 245 | 1 | 4 |
_aLos orígenes del Movimiento 14 de Junio : _bla izquierda dominicana / _cRoberto Cassá. |
| 250 | _a2a ed. | ||
| 260 |
_aSanto Domingo : _bComisión Permanente de Efemérides Patrias, _c2007. |
||
| 300 |
_a446 p. ; _c23 cm. |
||
| 490 | 0 |
_aPublicaciones de la Universidad Autónoma de Santo Domingo _aHistoria y sociedad _v22 |
|
| 500 | _aIncluye datos biográficos del autor en las solapas | ||
| 500 | _aIncluye referencias bibliográficas y notas al pie de las páginas | ||
| 505 | 1 |
_tIntroducción -- _tGeneralidades de la izquierda dominicana -- _tLa juventud democrática y otros núcleos clandestinos en los años cincuenta -- _tSurgimiento del Movimiento 14 de Junio -- _tLa distribución territorial en el Cibao -- _tEl proceso en la Banda Sur -- _tLa culminación del Movimiento -- _tHacia la caída del trujillato -- _tLa llegada del Movimiento Popular Dominicano -- _tAnexo I. Lista de miembros de la Juventud Democrática Clandestina -- _tAnexo II. Miembros del Movimiento Revolucionario 14 de Junio que entregaron declaraciones escritas a la justicia -- _tAnexo III. Agrupaciones de los miembros del 1J4 que aparecen en el anexo II, según diversas variables -- _tApéndice. Política y sujeto político -- _tBibliografía y fuentes: _tObras generales ; _tDocumentación ; _tObras temáticas ; _tPublicaciones periódicas ; _tEntrevistas y comuniciones orales. |
|
| 590 | _6Inventariado, 2021/VM | ||
| 610 | 4 | _aMovimiento Revolucionario 14 de Junio (República Dominicana) | |
| 650 | 1 | 4 | _aActividades clandestinas |
| 650 | 1 | 4 | _aMovimientos revolucionarios |
| 651 | 1 | 4 |
_aRepública Dominicana _xHistoria _yEra de Trujillo, 1930-1961 |
| 700 | 1 | _aOrtiz, Dantes | |
| 700 | 1 | _aFigueroa, Rosa | |
| 910 | _aVMateo V. | ||
| 942 |
_2ddc _cBK |
||
| 999 |
_c13866 _d13866 |
||